Fundamental values in employment : (Record no. 15324)
[ view plain ]
| 000 -LEADER | |
|---|---|
| fixed length control field | 00649nam a22002652 4500 |
| 001 - CONTROL NUMBER | |
| control field | 0000020141 |
| 003 - CONTROL NUMBER IDENTIFIER | |
| control field | |
| 005 - DATE AND TIME OF LATEST TRANSACTION | |
| control field | 20151217161503.0 |
| 008 - FIXED-LENGTH DATA ELEMENTS--GENERAL INFORMATION | |
| fixed length control field | 110808s xx 000 0 eng d |
| 010 ## - LIBRARY OF CONGRESS CONTROL NUMBER | |
| LC control number | |
| 020 ## - INTERNATIONAL STANDARD BOOK NUMBER | |
| International Standard Book Number | |
| Terms of availability | $ |
| 040 ## - CATALOGING SOURCE | |
| Original cataloging agency | KABU |
| Transcribing agency | KABU |
| 100 1# - MAIN ENTRY--PERSONAL NAME | |
| Personal name | Shrubsall, Vivien, |
| Dates associated with a name | |
| -- | 0000180244 |
| 245 10 - TITLE STATEMENT | |
| Title | Fundamental values in employment : |
| Remainder of title | |
| Statement of responsibility, etc. | |
| 250 ## - EDITION STATEMENT | |
| Edition statement | ed. |
| 260 ## - PUBLICATION, DISTRIBUTION, ETC. (IMPRINT) | |
| Place of publication, distribution, etc. | |
| Name of publisher, distributor, etc. | |
| Date of publication, distribution, etc. | |
| 300 ## - PHYSICAL DESCRIPTION | |
| Extent | p. : |
| Other physical details | |
| Dimensions | cm. |
| 440 #0 - SERIES STATEMENT/ADDED ENTRY--TITLE | |
| Title | |
| 500 ## - GENERAL NOTE | |
| General note | Handout for Law class reserve [p. 325-359] |
| 650 #0 - SUBJECT ADDED ENTRY--TOPICAL TERM | |
| Topical term or geographic name as entry element | |
| General subdivision | |
| 690 ## - LOCAL SUBJECT ADDED ENTRY--TOPICAL TERM (OCLC, RLIN) | |
| Topical term or geographic name as entry element | |
| 908 ## - PUT COMMAND PARAMETER (RLIN) | |
| Put command parameter | 110808 |
| Withdrawn status | Lost status | Source of classification or shelving scheme | Not for loan | Home library | Current library | Date acquired | Total Checkouts | Full call number | Barcode | Date last seen | Price effective from | Koha item type |
|---|---|---|---|---|---|---|---|---|---|---|---|---|
| Library of Congress Classification | Kabarak, Main Campus | Kabarak, Main Campus | 17/12/2015 | c. 1 | 19116 | 17/12/2015 | 17/12/2015 | Reserve Collection | ||||
| Library of Congress Classification | Kabarak, Main Campus | Kabarak, Main Campus | 17/12/2015 | c. 2 | 19113 | 17/12/2015 | 17/12/2015 | Reserve Collection |